000 00566nam a2200145 a 4500
001 000013622
005 20251120073732.0
008 091126s2006 dr 000 0 spa d
040 _aDO-SdBNP
_bspa
_cBNPHU
245 0 0 _aEnsayos y monografías sobre el derecho procesal penal dominicano /
_cEnsayista y coordinador José Alberto Cruceta.
260 _aSanto Domingo :
_bPontificia Universidad Madre y Maestra (PUCMM).
300 _a337 p. ;
_c24 cm.
500 _aIcluye notas al pie de las páginas
710 2 _aPontificia Universidad Católica Madre y Maestra
_9843
999 _c13236
_d13236